| 000 | 00479nam a2200145Ia 4500 | ||
|---|---|---|---|
| 008 | 100415s9999 xx 000 0 und d | ||
| 082 |
_b5782 _a595.7 |
||
| 100 | _aBlough,G.O | ||
| 245 | _aThe Insect Parade : The Basre Sciences Education Series | ||
| 260 |
_aEVANSTON _c1957 _bROW PETERSON AND CO. |
||
| 365 | _b4 | ||
| 630 | _aThe Insect Parade : The Basre Sciences Education Series | ||
| 730 | _aThe Insect Parade : The Basre Sciences Education Series | ||
| 942 | _cBOOK | ||
| 999 |
_c588755 _d588752 |
||